| 000 | 00812cam a2200181 a 4500 | ||
|---|---|---|---|
| 020 | _a9798316002 (set) | ||
| 040 | _cDLC | ||
| 082 | 0 | 0 | _a581 ESC 2003 C152 Co. |
| 245 | 0 | 0 | _aPlant resources of South-East Asia. |
| 260 |
_aBogor : _bESCAP CGPRT Centre, _c1990-<2003> |
||
| 300 |
_av. <1-19; in 32> : _bill, maps ; _c26 cm. |
||
| 500 | _aVols. 2-<12,16, 18-19> has imprint: Bogor, Indonesia : Prosea; for countries other than South-East Asia distributed by Backhuys Publishers, Leiden, the Netherlands. | ||
| 650 | 0 | _aBotany, Economic | |
| 700 | 1 | _aMaesen, L. J. G. van der. | |
| 700 | 1 | _aSomaatmadja, Sadikin. | |
| 710 | 2 | _aESCAP Regional Co-ordination Centre for Research and Development of Coarse Grains, Pulses, Roots and Tuber Crops in the Humid Tropics of Asia and the Pacific. | |
| 942 | _cAEDBB | ||
| 999 |
_c18745 _d18745 |
||